书目信息 |
| 题名: |
2014农村信用社招聘考试专用系列教材
|
|
| 作者: | ;农村信用社招聘考试命题研究中心 编著 | |
| 分册: | 法律 | |
| 出版信息: | 北京 中国经济出版社 2013 |
|
| 页数: | 11,251页 | |
| 开本: | 29cm | |
| 丛书名: | ||
| 单 册: | ||
| 中图分类: | F832.35 , D920.4 , D92 | |
| 科图分类: | ||
| 主题词: | 农村信用社--招聘--中国--考核--教材 , 法律--中国--考试--教材 , 农村信用社 , 招聘 , 法律 , 法律--中国 | |
| 电子资源: | ||
| ISBN: | 978-7-5136-2625-5 | |
| 000 | 01298nam0 2200349 450 | |
| 001 | 519 | |
| 005 | 20141024113329.62 | |
| 010 | @a978-7-5136-2625-5@dCNY29.00 | |
| 100 | @a20130809d2013 em y0chiy50 ea | |
| 101 | 0 | @achi |
| 102 | @aCN@b110000 | |
| 105 | @ay zq 000yy | |
| 106 | @ar | |
| 200 | 1 | @a2014农村信用社招聘考试专用系列教材@A2014 Nong Cun Xin Yong She Zhao Pin Kao Shi Zhuan Yong Xi Lie Jiao Cai@i法律@IFa Lu^@f农村信用社招聘考试命题研究中心编著@FNong Cun Xin Yong She Zhao Pin Kao Shi Ming Ti Yan Jiu Zhong Xin Bian Zhu |
| 205 | @a5版 | |
| 210 | @a北京@c中国经济出版社@d2013 | |
| 215 | @a11,251页@d29cm@e1光盘 | |
| 300 | @a2014最新版 天合教育 2014农村信用社招聘考试专用系列教材 | |
| 307 | @a附光盘:ISBN 978-7-9000259-07-3 | |
| 330 | @a本书共分6编,主要内容有:民法、银行法、商事组织法、商事交易法、经济法、土地法与房地产法。 | |
| 606 | 0 | @a农村信用社@x招聘@y中国@x考核@j教材 |
| 606 | 0 | @a法律@y中国@x考试@j教材 |
| 606 | 0 | @a农村信用社 |
| 606 | 0 | @a招聘 |
| 606 | 0 | @a法律 |
| 606 | 0 | @a法律@x中国 |
| 690 | @aF832.35@v5 | |
| 690 | @aD920.4@v5 | |
| 690 | @aD92@v4 | |
| 711 | 02 | @a农村信用社招聘考试命题研究中心@ANong Cun Xin Yong She Zhao Pin Kao Shi Ming Ti Yan Jiu Zhong Xin@4编著 |
| 801 | 0 | @aCN@bTANGWEI@c20140603 |
| 905 | @b0839056-58@dD92@e1032@f3 | |
| 2014农村信用社招聘考试专用系列教材.法律/农村信用社招聘考试命题研究中心编著.-5版.-北京:中国经济出版社,2013 |
| 11,251页;29cm+1光盘 |
| 2014最新版 天合教育 2014农村信用社招聘考试专用系列教材 |
| ISBN 978-7-5136-2625-5:CNY29.00 |
| 本书共分6编,主要内容有:民法、银行法、商事组织法、商事交易法、经济法、土地法与房地产法。 |
| ● |
| 相关链接 |
|
|
|
|
正题名:2014农村信用社招聘考试专用系列教材
索取号:D92/1032
 
预约/预借
| 序号 | 登录号 | 条形码 | 馆藏地/架位号 | 状态 | 备注 |
| 1 | 0839056 | 208390560 | 第一样本阅览室/ [索取号:D92/1032] | 在馆 | |
| 2 | 0839057 | 208390579 | 密集书库-史法系/ [索取号:D92/1032] | 在馆 | |
| 3 | 0839058 | 208390588 | 第一借阅区/ [索取号:D92/1032] | 在馆 |